000 00533nam a2200181Ia 4500
003 OSt
005 20230628143158.0
008 210423s9999 xx 000 0 und d
040 _cAL
041 _aeng
082 _a370
_223
_bSARE
100 _aSARASWATHI (L S).
_9113687
245 _aExperince with people.
_bCurriculum planning and material production.
260 _bState Resource Centre
_aKerala
_c2002
365 _cINR
906 _aCurriculum ; Experince ; material ; people. ; planning ; production.
942 _2ddc
_cBK
999 _c173151
_d173151